01940nam a2200349   4500003000900000005001700009008004100026040004600067041000800113082002700121092000700148099004300155100004400198245019000242250003200432264008100464300007700545336002200622337002400644338003300668504006300701546009600764650005000860651001000910856005700920905001700977942001900994999001701013952018701030952018701217952018601404EG-GICUC20260121101050.0251026s1978    ua	||||fr|||| 00| 0 ara d  a EG-GICUCbarac EG-GICUCd EG-GICUCerda0 aara04221a341.8bم ح . ا 04221  aLaw1  12	341.8 م ح . ا  2 ed - 19780 aمحمد كمال فهميeمؤلف.10aأصول القانون الدولي الخاص :bالجنسية-الموطن-مركز الأجانب-مادة التنازع /cتأليف دكتور محمد كمال فهمي.  aالطبعة الثانية 2aالاسكندرية:bمؤسسة الثقافة الجامعية،c1978.  a؛719صفحةc24 سمbإيضاحيات، صور، مثيليات ؛   2rda contentatext  2rda mediaaComputer  2rda carrieraOnline Resource  aيحتوي على اراجاعات ببليوجرافية
  aالنص أغلبه باللغة العربية مع بعض النصوص الفرنسية1 aالقانون الدولى الخاص2qrmak1 2qrmak40uhttps://fll.law.cu.edu.eg/fulltext/bks/B12-00066.pdf  aRawan khaled  2ddcn0cBKe21  c37783d37783  00102ddc40718القانون الدولي الخاصaCUbLAW1d2025-10-26l0oLaw1  12	341.8 م ح . ا  2 ed - 1978 1200066	C1pB12-00066r2025-10-26 19:14:24t1w2025-10-26yBK  00102ddc40708القانون الدولي الخاصaCUbLAW1d2025-11-15l0oLaw1  12	341.8 م ح . ا  2 ed - 1978 1201267	C2pB12-01267r2025-11-15 13:25:55t2w2025-11-15yBK  00102ddc40718القانون الدولي الخاصaCUbLAW2d2025-11-16l0oLaw2 12	341.8 م ح . ا  2 ed - 1978 1200992	C3pB12-00992r2025-11-16 14:58:00t3w2025-11-16yBK